|
|
|
|
| LEADER |
01723cas a2200253 a 4500 |
| 001 |
AALejournalIMF001092 |
| 008 |
230101c9999 xx r poo 0 0eng d |
| 020 |
|
|
|c 5.00 USD
|
| 020 |
|
|
|z 9781451858556
|
| 022 |
|
|
|a 1018-5941
|
| 040 |
|
|
|a BD-DhAAL
|c BD-DhAAL
|
| 100 |
1 |
|
|a Sahn, David.
|
| 245 |
1 |
0 |
|a Dominance Testing of Social Sector Expenditures and Taxes in Africa /
|c David Sahn, Stephen Younger.
|
| 264 |
|
1 |
|a Washington, D.C. :
|b International Monetary Fund,
|c 1999.
|
| 300 |
|
|
|a 1 online resource (44 pages)
|
| 490 |
1 |
|
|a IMF Working Papers
|
| 500 |
|
|
|a <strong>Off-Campus Access:</strong> No User ID or Password Required
|
| 500 |
|
|
|a <strong>On-Campus Access:</strong> No User ID or Password Required
|
| 506 |
|
|
|a Electronic access restricted to authorized BRAC University faculty, staff and students
|
| 520 |
3 |
|
|a This paper examines the progressivity of social sector expenditures and taxes in eight sub-Saharan African countries. It uses dominance tests to determine whether health and education expenditures redistribute resources to the poor. The paper finds that social services are poorly targeted. Among the services examined, primary education tends to be most progressive, and university education is least progressive. The paper finds that many taxes are progressive as well as efficient, including some broad-based taxes such as the VAT and wage taxation. Taxes on kerosene and exports appear to be the only examples of regressive taxes.
|
| 538 |
|
|
|a Mode of access: Internet
|
| 700 |
1 |
|
|a Younger, Stephen.
|
| 830 |
|
0 |
|a IMF Working Papers; Working Paper ;
|v No. 1999/172
|
| 856 |
4 |
0 |
|z Full text available on IMF
|u http://elibrary.imf.org/view/journals/001/1999/172/001.1999.issue-172-en.xml
|z IMF e-Library
|